| 000 | 00758nam a22002292 4500 | ||
|---|---|---|---|
| 001 | 0000005162 | ||
| 005 | 20151217151954.0 | ||
| 008 | 070607s xx 000 0 eng d | ||
| 020 |
_a8178086468 : _cKES 1,800 |
||
| 040 |
_aKABU _cKABU |
||
| 050 | 0 |
_aTK5103.2 _b.P34 |
|
| 100 | 1 |
_aPahlavan, Kaveh. _@0000156304 |
|
| 245 | 1 | 0 |
_aPrinciples of wireless networks : _ba unified approach / _cKaveh Pahlavan, Prashant Krishnamurthy. |
| 260 |
_aDelhi : _bPearson Educ., _c2002. |
||
| 300 | _axiv, 584 p. | ||
| 650 | 0 |
_aWireless communication systems. _@0000151097 |
|
| 700 | 1 |
_aKrishnamurthy, Prashant. _@0000156305 |
|
| 908 | _a070607 | ||
| 950 | _@1 | ||
| 999 |
_c6880 _d6880 |
||